000 00871cab a2200325 4500
001 ABS49630
008 090401t1993 xxu||||| |||| 00| 0 eng d
035 _a(Sirsi) u72014
041 _aeng
245 _aFocus: M5 south and Plymouth
260 _c1993
350 _a0
490 _aEstates Gazette
_v(9345) 13 November 1993, 79-110(17)
650 _aBRIDGWATER
650 _aDEVON
650 _aEBC DEVELOPMENTS
650 _aEXETER
650 _aINDUSTRIAL MARKET
650 _aM5 CORRIDOR
650 _aPLYMOUTH UDC
650 _aPLYMOUTH
650 _aPROPERTY-COMMERCIAL PROPERTY-RETAIL PROPERTY-RETAIL PROPERTY MARKET
650 _aROCKEAGLE
650 _aSOMERSET
650 _aSUMMERFIELD DEVELOPMENTS
650 _aTAUNTON
690 _aPROPERTY-COMMERCIAL PROPERTY-COMMERCIAL PROPERTY MARKET
942 _n0
948 _c04/03/1997
999 _c45429
_d45429